Summer session.
| Corporate Author: | |
|---|---|
| Format: | Serial |
| Language: | English |
| Published: |
Golden, Colo.
[publisher not identified] ;
|
| Series: | Colorado School of Mines quarterly ;
v. 25, no. 1, Supplement A. Colorado School of Mines quarterly ; v. 26, no. 1. Colorado School of Mines quarterly ; v. 32, no. 2. Colorado School of Mines quarterly ; v. 34, no. 2. |
| Subjects: |
MARC
| Tag | First Indicator | Second Indicator | Subfields |
|---|---|---|---|
| LEADER | 00000cas a2200000 4500 | ||
| 001 | in00000052289 | ||
| 005 | 20151007070051.0 | ||
| 008 | 800529c19309999couuu s0uuua0eng d | ||
| 035 | |a (OCoLC)06368990 | ||
| 035 | |9 AAE3271AM | ||
| 040 | |a TXA |c TXA |d UtOrBLW | ||
| 049 | |a TXAE | ||
| 090 | |a TN210 |b .C68 v.25, no. 1, Suppl. A, etc. | ||
| 110 | 2 | |a Colorado School of Mines. | |
| 245 | 1 | 0 | |a Summer session. |
| 264 | 1 | |a Golden, Colo. |b [publisher not identified] ; | |
| 300 | |a volumes : |b illustrations | ||
| 336 | |a text |b txt |2 rdacontent | ||
| 337 | |a unmediated |b n |2 rdamedia | ||
| 338 | |a volume |b nc |2 rdacarrier | ||
| 490 | 1 | |a Colorado. School of Mines, Golden. Quarterly | |
| 610 | 1 | 0 | |a Colorado School of Mines. |
| 760 | 0 | |a Colorado. School of Mines, Golden. |t Quarterly | |
| 830 | 0 | |a Colorado School of Mines quarterly ; |v v. 25, no. 1, Supplement A. | |
| 830 | 0 | |a Colorado School of Mines quarterly ; |v v. 26, no. 1. | |
| 830 | 0 | |a Colorado School of Mines quarterly ; |v v. 32, no. 2. | |
| 830 | 0 | |a Colorado School of Mines quarterly ; |v v. 34, no. 2. | |
| 999 | |a MARS | ||
| 999 | f | f | |s 40ca655d-966b-3fef-971e-054598953982 |i 9efb5573-f158-3b84-8436-fcbd47accc23 |t 0 |
| 952 | f | f | |p normal |a Texas A&M University |b College Station |c Sterling C. Evans Library |s Evans stk |d Evans: Library Stacks |t 0 |e TN210 .C68 v.32 no.1-4 |h Library of Congress classification |i unmediated -- volume |m A14841762017 |
| 952 | f | f | |p normal |a Texas A&M University |b College Station |c Sterling C. Evans Library |s Evans stk |d Evans: Library Stacks |t 0 |e TN210 .C68 v.34, no.1-4 |h Library of Congress classification |i unmediated -- volume |m A14841762132 |
| 952 | f | f | |p normal |a Texas A&M University |b College Station |c Sterling C. Evans Library |s Evans stk |d Evans: Library Stacks |t 0 |e TN210 .C68 v.25, no.1-4 |h Library of Congress classification |i unmediated -- volume |m A14841762363 |
| 952 | f | f | |a Texas A&M University |b College Station |c Sterling C. Evans Library |s Evans stk |d Evans: Library Stacks |t 0 |e TN210 .C68 v.25, no.1-4 |h Library of Congress classification |
| 952 | f | f | |a Texas A&M University |b College Station |c Sterling C. Evans Library |s Evans stk |d Evans: Library Stacks |t 0 |e TN210 .C68 v.26, no.1-4 |h Library of Congress classification |
| 952 | f | f | |a Texas A&M University |b College Station |c Sterling C. Evans Library |s Evans stk |d Evans: Library Stacks |t 0 |e TN210 .C68 v.34, no.1-4 |h Library of Congress classification |
| 952 | f | f | |a Texas A&M University |b College Station |c Sterling C. Evans Library |s Evans stk |d Evans: Library Stacks |t 0 |e TN210 .C68 v.32 no.1-4 |h Library of Congress classification |
| 998 | f | f | |a TN210 .C68 v.25, no.1-4 |t 0 |l Evans: Library Stacks |
| 998 | f | f | |a TN210 .C68 v.26, no.1-4 |t 0 |l Evans: Library Stacks |
| 998 | f | f | |a TN210 .C68 v.34, no.1-4 |t 0 |l Evans: Library Stacks |
| 998 | f | f | |a TN210 .C68 v.32 no.1-4 |t 0 |l Evans: Library Stacks |